00750nam a2200133Ia 4500008004100000020001800041245011400059260003900173650001400212650023600226856004500462999001900507952009000526171212s9999 xx 000 0 und d a9780874216325 ceditor Ericsson, Patricia Freitag;Haswell, RichardaMachine Scoring of Student EssaysbTruth and Consequences bUniversity Press of Coloradoc2006 aEducation aEnglish language -- Rhetoric -- Study and teaching -- Evaluation; Report writing -- Study and teaching (Higher) -- Evaluation; Grading and marking (Students) -- Data processing; Educational tests and measurements -- Data processing uwww.jstor.org/stable/10.2307/j.ctt4cgq0p c353106d353106 001040aCLbCLd2017-12-12l0oPE1404.M33 2005r2017-12-12 00:00:00w2017-12-12yCBE